| 000 | 00706nam a22002297a 4500 | ||
|---|---|---|---|
| 005 | 20170124110033.0 | ||
| 010 | _aA-996298 | ||
| 020 |
_c00.00 _a1897829612 |
||
| 035 | _aA-996298 | ||
| 037 | _bCen Lib/Ret | ||
| 040 |
_aDPL _bEN |
||
| 082 |
_a355.02 _bSAR |
||
| 100 |
_aSarkar, Bhaskar _9102012 |
||
| 245 |
_aKargil war : _cby Col Bhaskar Sarkar _bpast, present and future / |
||
| 260 |
_aNew Delhi _bLancer Publishers _c1999 |
||
| 270 |
_a56 Gautam Nagar _bNew Delhi _e110049 |
||
| 300 |
_axiii,211p. : _c22cm(Hb) _bill. |
||
| 500 | _aIncludes bibliography | ||
| 650 |
_aMilitary science _922067 |
||
| 650 |
_aKargil war--Military science _922068 |
||
| 942 |
_2ddc _cEN _h355.02 _mSAR |
||
| 999 |
_c127975 _d127975 |
||